Sobre el humanismo: escritos sobre política, sociedad y ciencia
Uloženo v:
| Hlavní autor: | |
|---|---|
| Médium: | Kniha |
| Jazyk: | španělština |
| Vydáno: |
Barcelona
Paidós
1995
|
| Edice: | Colección Paidós Studio, 108
|
| Témata: | |
| Tagy: |
Přidat tag
Žádné tagy, Buďte první, kdo vytvoří štítek k tomuto záznamu!
|
MARC
| LEADER | 00000nam a2200000 a 4500 | ||
|---|---|---|---|
| 001 | UCZ3131 | ||
| 003 | CL-VaPUC | ||
| 008 | 951020e19950000SP |||||||||||||||||spa|d | ||
| 082 | 0 | 4 | |a 144 |b EIN |2 21 |
| 100 | |a Einstein, Albert |e autor |9 266229 | ||
| 245 | 1 | 0 | |a Sobre el humanismo: escritos sobre política, sociedad y ciencia |
| 300 | |a 163 p | ||
| 942 | |c BK | ||
| 945 | |d 19951020 00:00:00 |a rbrito | ||
| 260 | |a Barcelona |b Paidós |c 1995 | ||
| 650 | 0 | |a Humanismo |9 256530 | |
| 650 | 0 | |a Política |9 255312 | |
| 650 | 0 | |a Sociología |9 255410 | |
| 650 | 0 | |a Ciencia |9 255691 | |
| 583 | |a last modification |c 19951020 00:00:00 |k Rodrigo Vera | ||
| 490 | 0 | |a Colección Paidós Studio, 108 | |
| 999 | |c 239647 |d 239645 | ||
| 952 | |0 0 |1 0 |4 0 |6 144_000000000000000_EIN_1995 |7 0 |8 A |9 250932 |a BIBEDU |b BIBEDU |d 2019-11-18 |i 2561697 |o 144 EIN 1995 |p 2561697 |r 2019-11-18 |w 2019-11-18 |y BK |k FIL | ||